[Event "3rd Asia-ch"]
[Site "Kolkata IND"]
[Date "2001.08.12"]
[Round "4"]
[White "Turpanov, Milan"]
[Black "Zagrebelny, Sergei"]
[Result "0-1"]
[WhiteElo "2276"]
[BlackElo "2466"]
[EventDate "2001.08.09"]
[PlyCount "72"]

1.c4 Nf6 2.Nc3 e5 3.g3 d5 4.cxd5 Nxd5 5.Bg2 Nb6 6.Nf3 Nc6 7.O-O Be7 8.d3 
O-O 9.Be3 Re8 10.Nd2 Nd4 11.Nb3 c6 12.f4 Nf5 13.Bd2 exf4 14.Bxf4 Be6 15.
Kh1 a5 16.e4 Nd4 17.Nxd4 Qxd4 18.Re1 Red8 19.Be3 Qb4 20.Qc2 a4 21.a3 Qa5 
22.Qf2 Nd7 23.d4 Qh5 24.Ne2 Bg5 25.Nf4 Bxf4 26.Qxf4 Nf6 27.Rad1 h6 28.Qf1 
Rd7 29.Rd2 Re8 30.Bg1 Rde7 31.Qd3 Bd5 32.exd5 Rxe1 33.dxc6 Ng4 34.h4 bxc6 
35.Bxc6 R8e3 36.Qxe3 Nxe3 0-1

[Event "3rd Asia-ch"]
[Site "Kolkata IND"]
[Date "2001.08.12"]
[Round "4"]
[White "Villamayor, Buenaventura"]
[Black "Al-Sayed, Mohamad Naser"]
[Result "1/2-1/2"]
[WhiteElo "2560"]
[BlackElo "2299"]
[EventDate "2001.08.09"]
[PlyCount "87"]

1.Nf3 Nf6 2.c4 g6 3.Nc3 Bg7 4.d4 O-O 5.Bf4 d6 6.h3 Nbd7 7.e3 b6 8.Be2 Bb7 
9.O-O Ne4 10.Nxe4 Bxe4 11.Rc1 e5 12.Bh2 Qe7 13.Nd2 Bb7 14.d5 a5 15.Ne4 Bc8
16.b3 f5 17.Nc3 e4 18.Qc2 Ne5 19.Nb5 g5 20.Nd4 Bd7 21.a3 Ng6 22.Rcd1 f4 
23.exf4 gxf4 24.Rfe1 Rae8 25.Bf3 Bxd4 26.Rxd4 Qf6 27.Rdxe4 Bf5 28.Qd1 Bxe4
29.Bxe4 Re7 30.f3 Nh4 31.Kh1 Rg7 32.Re2 Qg5 33.Qd2 Ng6 34.Bxg6 hxg6 35.Re4
Rgf7 36.Qe1 Rf5 37.Bg1 Re5 38.Bd4 Rxe4 39.Qxe4 Qf5 40.Qe7 Qf7 41.Qg5 Qh7 
42.Bc3 Qh5 43.Qe7 Qh7 44.Qg5 1/2-1/2

[Event "3rd Asia-ch"]
[Site "Kolkata IND"]
[Date "2001.08.12"]
[Round "4"]
[White "Wang Zili"]
[Black "Hoang Thanh Trang"]
[Result "1-0"]
[WhiteElo "2557"]
[BlackElo "2445"]
[EventDate "2001.08.09"]
[PlyCount "105"]

1.e4 e6 2.d4 d5 3.Nc3 Bb4 4.e5 c5 5.a3 Bxc3+ 6.bxc3 Ne7 7.h4 Nbc6 8.h5 Qa5
9.Bd2 Qa4 10.Nf3 h6 11.Rb1 Qxa3 12.Ra1 Qb2 13.Rb1 Qa3 14.Ra1 Qb2 15.dxc5 
a5 16.Rh4 a4 17.Rhxa4 Rxa4 18.Rxa4 O-O 19.Bd3 f6 20.exf6 Rxf6 21.Nd4 e5 
22.Nb5 e4 23.Be2 Bd7 24.Qc1 Qxc1+ 25.Bxc1 Ne5 26.Ra7 Bc6 27.Nd4 Nf5 28.
Ra8+ Kh7 29.Nxf5 Rxf5 30.Be3 Nd7 31.Rc8 Rf8 32.Rc7 Ra8 33.Bd4 Kg8 34.c4 
dxc4 35.Bxc4+ Kf8 36.Be6 Rd8 37.c4 Ke8 38.Bd5 Nf6 39.Bxf6 gxf6 40.Rh7 Bxd5
41.Rh8+ Bg8 42.Rxg8+ Ke7 43.Rxd8 Kxd8 44.Kd2 Kd7 45.Ke3 f5 46.Kf4 Ke6 47.
g4 fxg4 48.Kxe4 Kf6 49.Kd5 Kf5 50.c6 bxc6+ 51.Kxc6 Ke4 52.c5 Kf3 53.Kd5 
1-0

[Event "3rd Asia-ch"]
[Site "Kolkata IND"]
[Date "2001.08.12"]
[Round "4"]
[White "Yu Shaoteng"]
[Black "Donguines, Fernie"]
[Result "1/2-1/2"]
[WhiteElo "2517"]
[BlackElo "2411"]
[EventDate "2001.08.09"]
[PlyCount "63"]

1.e4 g6 2.d4 Bg7 3.Nc3 d6 4.Be3 c6 5.Qd2 Nd7 6.Nf3 Qa5 7.Bd3 Ngf6 8.Bh6 
O-O 9.O-O e5 10.a3 Qb6 11.Bxg7 Kxg7 12.Na4 Qc7 13.dxe5 dxe5 14.Qc3 b6 15.
Rfe1 Bb7 16.b4 Rac8 17.Nb2 b5 18.a4 a6 19.Qb3 Rb8 20.c4 bxa4 21.Nxa4 c5 
22.b5 Qd6 23.Rad1 Qe6 24.Qc3 Rfc8 25.Nd2 Nh5 26.Bf1 Nf4 27.Nf3 f6 28.Qd2 
Nf8 29.Qd6 Qg4 30.Kh1 Nh5 31.Qe7+ Kg8 32.h3 1/2-1/2

[Event "3rd Asia-ch"]
[Site "Kolkata IND"]
[Date "2001.08.13"]
[Round "5"]
[White "Abu Sufian, Shakil"]
[Black "Nazarov, Anvar"]
[Result "1/2-1/2"]
[WhiteElo "2276"]
[BlackElo "2410"]
[EventDate "2001.08.09"]
[PlyCount "115"]

1.e4 c5 2.Nc3 a6 3.g3 b5 4.Bg2 Bb7 5.Nge2 e6 6.a3 Nc6 7.O-O g6 8.e5 Qc7 9.
f4 f5 10.exf6 Nxf6 11.d3 Be7 12.Ne4 O-O 13.h3 Rae8 14.Be3 Nd8 15.Qd2 d5 
16.Nxf6+ Bxf6 17.d4 c4 18.Kh2 Bc6 19.Ng1 Nf7 20.Nf3 Nd6 21.Ne5 Bg7 22.Bf2 
Bb7 23.Be1 Nf5 24.g4 Nxd4 25.Bg3 Nc6 26.Nxc6 Qxc6 27.c3 Qd7 28.Rae1 Bc6 
29.Bf2 e5 30.Bc5 Rxf4 31.Rxf4 exf4 32.Bxd5+ Bxd5 33.Rxe8+ Qxe8 34.Qxd5+ 
Kh8 35.g5 Qe2+ 36.Kh1 Qe1+ 37.Bg1 h5 38.gxh6 Bxh6 39.Qd8+ Kh7 40.Qc7+ Kg8 
41.Qd8+ Kf7 42.Qd5+ Qe6 43.Qb7+ Kg8 44.Qa8+ Bf8 45.Qf3 Kh7 46.Kg2 Qf5 47.
Bf2 Bd6 48.Qb7+ Kh6 49.Qf3 Be5 50.Qa8 a5 51.Qd5 b4 52.axb4 axb4 53.cxb4 
Bxb2 54.Qxf5 gxf5 55.Kf3 c3 56.Ke2 Kg5 57.b5 f3+ 58.Kd3 1/2-1/2

[Event "3rd Asia-ch"]
[Site "Kolkata IND"]
[Date "2001.08.13"]
[Round "5"]
[White "Utut Adianto"]
[Black "Barua, Dibyendu"]
[Result "1/2-1/2"]
[WhiteElo "2598"]
[BlackElo "2499"]
[EventDate "2001.08.09"]
[PlyCount "64"]

1.d4 d5 2.c4 e6 3.Nf3 Nf6 4.g3 c6 5.Bg2 Nbd7 6.Qc2 Be7 7.Nbd2 O-O 8.O-O b6
9.e4 Ba6 10.Re1 Rc8 11.b3 c5 12.e5 Ne8 13.cxd5 cxd4 14.Qb1 exd5 15.b4 Nc7 
16.Nxd4 Nb5 17.Nxb5 Bxb5 18.Nf3 Ba4 19.e6 fxe6 20.Nd4 Qe8 21.Rxe6 Qf7 22.
Bf4 Nf6 23.Re2 Rc4 24.Nf5 Ne4 25.Nxe7+ Qxe7 26.Qd3 Qf7 27.Bxe4 dxe4 28.
Rxe4 Rxe4 29.Qxe4 Re8 30.Be5 Qe6 31.f4 Bc6 32.Qd3 Re7 1/2-1/2

[Event "3rd Asia-ch"]
[Site "Kolkata IND"]
[Date "2001.08.13"]
[Round "5"]
[White "Al-Modiahki, Mohamad"]
[Black "Barsov, Alexei"]
[Result "0-1"]
[WhiteElo "2492"]
[BlackElo "2495"]
[EventDate "2001.08.09"]
[PlyCount "54"]

1.e4 e6 2.d4 d5 3.Nc3 Bb4 4.e5 Ne7 5.Qg4 c5 6.dxc5 Nbc6 7.Bd2 O-O 8.O-O-O 
f5 9.exf6 Rxf6 10.Bd3 b6 11.a3 Bxc3 12.Bxc3 e5 13.Qg3 Bf5 14.f4 Rg6 15.Qf2
Bxd3 16.Rxd3 d4 17.fxe5 bxc5 18.Nf3 Qd5 19.b3 a5 20.a4 Nf5 21.Rf1 h5 22.
Bb2 Nb4 23.Rd2 Ne3 24.Rg1 Nexc2 25.Rxc2 Nd3+ 26.Kb1 Nxf2 27.Rxf2 Qxb3 0-1

[Event "3rd Asia-ch"]
[Site "Kolkata IND"]
[Date "2001.08.13"]
[Round "5"]
[White "Al-Sayed, Mohamad Naser"]
[Black "Sandipan, Chanda"]
[Result "1-0"]
[WhiteElo "2299"]
[BlackElo "2427"]
[EventDate "2001.08.09"]
[PlyCount "139"]

1.e4 c5 2.Nf3 e6 3.d4 cxd4 4.Nxd4 Nc6 5.Nc3 Qc7 6.Nb3 a6 7.Bd3 b5 8.f4 d6 
9.Qf3 Nf6 10.Be3 Bb7 11.O-O Be7 12.Qh3 O-O 13.Rae1 g6 14.g4 Nb4 15.g5 Nh5 
16.f5 Nxd3 17.cxd3 exf5 18.exf5 d5 19.f6 Bd6 20.Rc1 Qc8 21.Qxc8 Raxc8 22.
Na5 Ba8 23.Ne2 Rce8 24.Kf2 d4 25.Bxd4 Rd8 26.h4 Bf4 27.Be3 Bxe3+ 28.Kxe3 
Rfe8+ 29.Kd2 Rd6 30.Rc7 h6 31.Rfc1 Be4 32.Re7 Rxd3+ 33.Ke1 Rdd8 34.Rcc7 
Bd5 35.Kf2 Rf8 36.a3 Rd6 37.Rcd7 Rxd7 38.Rxd7 Be6 39.Rd6 hxg5 40.hxg5 Re8 
41.Nc6 Bc4 42.Ne7+ Kh7 43.Ng3 Nxg3 44.Kxg3 Be2 45.Kf2 Bg4 46.Rxa6 Rd8 47.
Ke3 Rd1 48.Rb6 Re1+ 49.Kd4 Be2 50.Rc6 Bc4 51.a4 Rb1 52.Kc3 Be2 53.a5 Ra1 
54.b4 Ra3+ 55.Kb2 Ra4 56.Kb3 Bd1+ 57.Kc3 Bf3 58.Rc5 Be2 59.Kb2 Bc4 60.Rxc4
bxc4 61.Kc3 Ra1 62.Kxc4 Rc1+ 63.Kb3 Rg1 64.a6 Rxg5 65.a7 Rg3+ 66.Kc4 Ra3 
67.Nc6 Ra1 68.Na5 Rc1+ 69.Kd3 Rd1+ 70.Ke2 1-0

[Event "3rd Asia-ch"]
[Site "Kolkata IND"]
[Date "2001.08.13"]
[Round "5"]
[White "Annageldiev, Orazly"]
[Black "Prasad, Devaki"]
[Result "0-1"]
[WhiteElo "2485"]
[BlackElo "2440"]
[EventDate "2001.08.09"]
[PlyCount "68"]

1.e4 c5 2.Nf3 d6 3.d4 cxd4 4.Nxd4 Nf6 5.Nc3 e6 6.Be2 Be7 7.O-O a6 8.Be3 
Qc7 9.f4 O-O 10.Qe1 b5 11.Bf3 Bb7 12.e5 dxe5 13.fxe5 Nfd7 14.Qg3 Kh8 15.
Ndxb5 axb5 16.Nxb5 Qc8 17.Nd6 Bxd6 18.exd6 Bxf3 19.Qxf3 Ra6 20.Rfc1 Rxd6 
21.c4 Nc6 22.a3 f5 23.b4 Nce5 24.Qe2 f4 25.c5 Rd5 26.Bf2 f3 27.Qe3 fxg2 
28.c6 Nf6 29.Qa7 Ne4 30.Be3 Qe8 31.Ra2 Qh5 32.Bf2 Nf3+ 33.Kxg2 Qg4+ 34.Kh1
Ng3+ 0-1

[Event "3rd Asia-ch"]
[Site "Kolkata IND"]
[Date "2001.08.13"]
[Round "5"]
[White "Bin Sattar, Reefat"]
[Black "Safin, Shukhrat"]
[Result "1/2-1/2"]
[WhiteElo "2444"]
[BlackElo "2529"]
[EventDate "2001.08.09"]
[PlyCount "82"]

1.e4 e5 2.Nf3 Nc6 3.Bb5 a6 4.Bxc6 dxc6 5.O-O Qd6 6.Na3 Be6 7.Qe2 f6 8.Rd1 
Bg4 9.c3 c5 10.h3 Bxf3 11.Qxf3 Ne7 12.d4 cxd4 13.cxd4 exd4 14.Bf4 Qd7 15.
Rac1 Nc6 16.Nc2 Rd8 17.Qg3 Bc5 18.Bxc7 Rc8 19.Bf4 O-O 20.Ne1 Ba7 21.Qb3+ 
Kh8 22.Nd3 Rfe8 23.Re1 h6 24.Qd5 Qe7 25.Qf5 Bb8 26.a3 Bxf4 27.Nxf4 Kg8 28.
Nd3 Rcd8 29.f4 Qf7 30.Qg4 Re7 31.Re2 Rde8 32.Rce1 f5 33.Qf3 fxe4 34.Rxe4 
Qf5 35.Rxe7 Rxe7 36.Rxe7 Nxe7 37.Qxb7 Qxd3 38.Qxe7 Qb1+ 39.Kh2 d3 40.Qe8+ 
Kh7 41.Qe4+ Kh8 1/2-1/2

[Event "3rd Asia-ch"]
[Site "Kolkata IND"]
[Date "2001.08.13"]
[Round "5"]
[White "Donguines, Fernie"]
[Black "Kotsur, Pavel"]
[Result "1-0"]
[WhiteElo "2411"]
[BlackElo "2600"]
[EventDate "2001.08.09"]
[PlyCount "75"]

1.e4 c5 2.Nf3 d6 3.Bc4 e6 4.O-O Nc6 5.Re1 Nf6 6.Bb3 Na5 7.Ba4+ Bd7 8.c3 
Bxa4 9.Qxa4+ Nc6 10.c4 Qd7 11.Qd1 Ne5 12.d3 Be7 13.b3 O-O 14.Bb2 Nxf3+ 15.
Qxf3 a6 16.Nd2 Qc6 17.Re3 Nd7 18.Qh5 Bf6 19.Bxf6 Nxf6 20.Qh4 Qc7 21.g4 h6 
22.g5 hxg5 23.Qxg5 Nh7 24.Qg2 f5 25.Kh1 fxe4 26.Rxe4 Rf6 27.Rg1 Raf8 28.
Rg4 R6f7 29.Ne4 Rd8 30.Qh3 d5 31.Rh4 dxe4 32.Rxh7 Rfd7 33.Qh5 Kf8 34.dxe4 
Qf4 35.Rhxg7 Rxg7 36.Qh8+ Ke7 37.Rxg7+ Kf6 38.Rg8+ 1-0

[Event "3rd Asia-ch"]
[Site "Kolkata IND"]
[Date "2001.08.13"]
[Round "5"]
[White "Garma, Chito"]
[Black "Kunte, Abhijit"]
[Result "1/2-1/2"]
[WhiteElo "2409"]
[BlackElo "2547"]
[EventDate "2001.08.09"]
[PlyCount "96"]

1.e4 c5 2.Nf3 Nc6 3.d4 cxd4 4.Nxd4 e6 5.Nc3 Qc7 6.g3 a6 7.Bg2 Nf6 8.O-O 
Bc5 9.Be3 d6 10.h3 O-O 11.Nxc6 Bxe3 12.e5 Ne8 13.fxe3 bxc6 14.exd6 Nxd6 
15.Qf3 Rb8 16.b3 Nf5 17.Kh2 c5 18.Qf4 Qa7 19.Be4 c4 20.Bxf5 exf5 21.Qd4 
Qxd4 22.exd4 Rd8 23.Rfd1 Rb6 24.d5 f4 25.bxc4 Rh6 26.Rd3 Bxh3 27.Kg1 Rc8 
28.Rb1 Bf5 29.Rf3 g5 30.Rb4 a5 31.Rb5 Bd7 32.Rb7 Bg4 33.Rd3 Rxc4 34.d6 
Rxd6 35.Rxd6 Rxc3 36.gxf4 gxf4 37.Rf6 Be6 38.Rxf4 Bxa2 39.Rb5 Rxc2 40.Rg5+
Kf8 41.Rxa5 Be6 42.Rh5 Rc1+ 43.Kf2 Rc2+ 44.Ke3 Rc3+ 45.Kd2 Rh3 46.Rxh3 
Bxh3 47.Ke3 Kg7 48.Rh4 Bf5 1/2-1/2

[Event "3rd Asia-ch"]
[Site "Kolkata IND"]
[Date "2001.08.13"]
[Round "5"]
[White "Ghorbani, Mohsen"]
[Black "Villamayor, Buenaventura"]
[Result "1/2-1/2"]
[WhiteElo "2334"]
[BlackElo "2560"]
[EventDate "2001.08.09"]
[PlyCount "137"]

1.d4 d5 2.c4 c6 3.Nc3 Nf6 4.cxd5 cxd5 5.Nf3 Nc6 6.Bf4 Ne4 7.e3 Nxc3 8.bxc3
g6 9.Be2 Bg7 10.O-O O-O 11.c4 dxc4 12.Bxc4 Bf5 13.Rc1 Rc8 14.h3 a6 15.a4 
Na5 16.Ba2 Qd7 17.Rxc8 Qxc8 18.Qd2 Nc4 19.Qb4 Nd6 20.Bxd6 exd6 21.Qxd6 Bd3
22.Re1 b5 23.Qa3 Bc4 24.Rc1 Qe6 25.Bxc4 bxc4 26.Qa2 Rc8 27.Nd2 c3 28.Qxe6 
fxe6 29.Ne4 c2 30.Kf1 Bf8 31.Nc5 e5 32.Rxc2 exd4 33.exd4 Bg7 34.Rd2 Bxd4 
35.Nxa6 Bg7 36.Ke2 Rc4 37.Rd8+ Kf7 38.Rd7+ Kg8 39.a5 Ra4 40.Nc5 Rxa5 41.
Ne4 Ra2+ 42.Kf3 Ra3+ 43.Kf4 Ra4 44.h4 h6 45.f3 Rb4 46.Kg4 Rb5 47.g3 Ra5 
48.Kh3 Ra3 49.Kg2 Ra2+ 50.Kh3 Ra3 51.f4 Re3 52.Nf2 h5 53.Kg2 Bf6 54.Nh3 
Ra3 55.Ng1 Ra2+ 56.Kf3 Ra3+ 57.Kf2 Ra2+ 58.Ne2 Kf8 59.Rd5 Kf7 60.f5 g5 61.
Rd7+ Ke8 62.Rd6 Kf7 63.hxg5 Bxg5 64.Rg6 Be7 65.Kf3 Ra3+ 66.Ke4 Ra4+ 67.Kf3
Ra3+ 68.Kg2 Ra5 69.g4 1/2-1/2

[Event "3rd Asia-ch"]
[Site "Kolkata IND"]
[Date "2001.08.13"]
[Round "5"]
[White "Hakki, Imad"]
[Black "Nolte, Rolando"]
[Result "0-1"]
[WhiteElo "2428"]
[BlackElo "2324"]
[EventDate "2001.08.09"]
[PlyCount "50"]

1.Nf3 Nf6 2.c4 e6 3.g3 d5 4.Bg2 Be7 5.O-O O-O 6.d4 dxc4 7.Qc2 a6 8.Qxc4 b5
9.Qc2 Bb7 10.Bd2 Nbd7 11.Ba5 Rc8 12.Nbd2 Bd6 13.e4 e5 14.Rfe1 Qe8 15.b4 
Nb6 16.a3 Nfd7 17.Rac1 exd4 18.e5 Be7 19.Bxb6 Nxb6 20.Ng5 d3 21.Qxd3 Bxg5 
22.f4 Bxg2 23.Kxg2 Be7 24.Ne4 Nc4 25.Qf3 c5 0-1

[Event "3rd Asia-ch"]
[Site "Kolkata IND"]
[Date "2001.08.13"]
[Round "5"]
[White "Hoang Thanh Trang"]
[Black "Isaev, Jamshed"]
[Result "0-1"]
[WhiteElo "2445"]
[BlackElo "2454"]
[EventDate "2001.08.09"]
[PlyCount "98"]

1.d4 Nf6 2.c4 g6 3.Nc3 d5 4.Nf3 Bg7 5.Qb3 dxc4 6.Qxc4 O-O 7.e4 a6 8.Bf4 b5
9.Qxc7 Qxc7 10.Bxc7 Bb7 11.e5 Nd5 12.Ba5 Nf4 13.Rd1 f6 14.d5 fxe5 15.g3 e4
16.Ng5 Bxc3+ 17.Bxc3 Nxd5 18.Bg2 Nd7 19.Bh3 Rf5 20.Bxf5 gxf5 21.O-O h6 22.
Ne6 b4 23.Bd4 Kf7 24.Nc5 Nxc5 25.Bxc5 Rc8 26.Rc1 Rg8 27.f3 e3 28.f4 h5 29.
Rfe1 h4 30.Bxe3 hxg3 31.hxg3 Rxg3+ 32.Kf2 Rh3 33.Bd4 Nxf4 34.Rxe7+ Kxe7 
35.Rc7+ Ke6 36.Rxb7 Kd5 37.Be3 Nd3+ 38.Ke2 Ke4 39.Re7+ Ne5 40.Bc5 Rh2+ 41.
Kf1 f4 42.Kg1 Rh3 43.Bxb4 Kf3 44.Bc3 Ng4 45.Re8 Rh2 46.Be1 Rxb2 47.a4 Rg2+
48.Kh1 Ra2 49.Rh8 Ra1 0-1

[Event "3rd Asia-ch"]
[Site "Kolkata IND"]
[Date "2001.08.13"]
[Round "5"]
[White "Iuldachev, Saidali"]
[Black "Torre, Eugenio"]
[Result "1-0"]
[WhiteElo "2508"]
[BlackElo "2541"]
[EventDate "2001.08.09"]
[PlyCount "111"]

1.e4 d6 2.d4 Nf6 3.Nc3 g6 4.Nf3 Bg7 5.Be2 O-O 6.O-O c5 7.Re1 cxd4 8.Nxd4 
Nbd7 9.a4 a6 10.a5 Nc5 11.Bf3 e6 12.Be3 Qc7 13.Ra3 Ncd7 14.Nb3 Ne5 15.Bb6 
Nxf3+ 16.Qxf3 Qe7 17.Raa1 Nd7 18.Bd4 Ne5 19.Qe2 Bd7 20.f4 Nc6 21.Bxg7 Kxg7
22.Na4 Rad8 23.Nb6 Nb8 24.Rad1 Bc6 25.Qe3 Nd7 26.Nxd7 Rxd7 27.Rd2 e5 28.f5
gxf5 29.exf5 Qf6 30.Rf2 Kh8 31.Nd2 Rg8 32.Ne4 Qh4 33.f6 Rdd8 34.Ng3 Rg6 
35.Nf5 Qb4 36.Ne7 Rg4 37.h3 Rgg8 38.Rd1 Qc5 39.Qxc5 dxc5 40.Rxd8 Rxd8 41.
Re2 Rd6 42.Rxe5 Rxf6 43.Rxc5 Kg7 44.Nxc6 bxc6 45.g4 Kf8 46.Kg2 Ke7 47.Kg3 
Rd6 48.Kf4 Rh6 49.Kg3 Re6 50.Kf4 Rh6 51.Rc3 Rf6+ 52.Ke4 Re6+ 53.Kd4 Kd6 
54.Rf3 c5+ 55.Kd3 Kc6 56.Rxf7 1-0

[Event "3rd Asia-ch"]
[Site "Kolkata IND"]
[Date "2001.08.13"]
[Round "5"]
[White "Izmukhambetov, Salauat"]
[Black "Ganguly, Surya Shekhar"]
[Result "0-1"]
[WhiteElo "2352"]
[BlackElo "2464"]
[EventDate "2001.08.09"]
[PlyCount "86"]

1.e4 e5 2.f4 exf4 3.Nc3 Qh4+ 4.Ke2 d5 5.Nxd5 Bd6 6.Nf3 Bg4 7.d4 Nf6 8.
Nxf6+ gxf6 9.c3 Nc6 10.Kd3 Qh5 11.Kc2 O-O-O 12.Be2 Rhg8 13.Qf1 Qg6 14.Bd3 
Bh5 15.Nh4 Qg4 16.Qf2 Be5 17.d5 Ne7 18.Re1 Qg5 19.Bd2 c6 20.c4 Kb8 21.Rf1 
Rc8 22.d6 Bxd6 23.Bxf4 Bxf4 24.Qxf4+ Ka8 25.Qxf6 Qc5 26.a3 Rcd8 27.Rae1 
Rd7 28.b4 Qb6 29.c5 Qd8 30.Re3 a5 31.g3 Bg4 32.Qc3 f5 33.Bc4 fxe4 34.Bxg8 
Qxg8 35.Qb3 Qd8 36.Kc1 Rd4 37.Qa4 Kb8 38.Qb3 Nd5 39.Ree1 axb4 40.axb4 Qg5+
41.Kb2 Rxb4 42.Rf8+ Bc8 43.Rxe4 Qd2+ 0-1

[Event "3rd Asia-ch"]
[Site "Kolkata IND"]
[Date "2001.08.13"]
[Round "5"]
[White "Kazhgaleev, Murtas"]
[Black "Liu, Dede"]
[Result "0-1"]
[WhiteElo "2585"]
[BlackElo "2402"]
[EventDate "2001.08.09"]
[PlyCount "90"]

1.d4 Nf6 2.c4 e6 3.Nf3 Bb4+ 4.Bd2 Qe7 5.g3 Bxd2+ 6.Qxd2 d6 7.Nc3 O-O 8.Bg2
e5 9.O-O c6 10.e4 Re8 11.h3 Nbd7 12.Rad1 b6 13.Nh4 g6 14.f4 Nh5 15.Qf2 Ba6
16.b3 Rad8 17.fxe5 dxe5 18.d5 Bb7 19.Kh2 Nf8 20.Rd3 cxd5 21.exd5 f5 22.
Nxf5 gxf5 23.Qxf5 Ng7 24.Qf2 Ng6 25.Ne4 Rf8 26.Nf6+ Kh8 27.Rf3 Bc8 28.h4 
Nf4 29.Nxh7 Kxh7 30.gxf4 e4 31.Rg3 Rd6 32.Rg5 e3 33.Qg3 Nf5 34.Rh5+ Rh6 
35.Rxh6+ Nxh6 36.Qg5 Qe8 37.Bf3 e2 38.Re1 Qe3 39.Rxe2 Qxf3 40.Re7+ Rf7 41.
Rxf7+ Nxf7 42.Qf6 Qh3+ 43.Kg1 Qf5 44.Qe7 Qxf4 45.Qxa7 Bh3 0-1

[Event "3rd Asia-ch"]
[Site "Kolkata IND"]
[Date "2001.08.13"]
[Round "5"]
[White "Kostenko, Petr"]
[Black "Rahman, Taibur"]
[Result "0-1"]
[WhiteElo "2494"]
[BlackElo "2246"]
[EventDate "2001.08.09"]
[PlyCount "122"]

1.e4 c5 2.Nf3 Nc6 3.d4 cxd4 4.Nxd4 e5 5.Nb5 d6 6.N1c3 a6 7.Na3 b5 8.Nd5 
Nf6 9.Nxf6+ Qxf6 10.Bd3 Qg6 11.O-O Be7 12.c3 O-O 13.Nc2 Bg4 14.f3 Be6 15.
a4 bxa4 16.Rxa4 a5 17.Bc4 Rfc8 18.Bd5 Bd8 19.Kh1 Bxd5 20.Qxd5 Ne7 21.Qd1 
d5 22.Ne3 dxe4 23.fxe4 Bb6 24.Nf5 Nxf5 25.exf5 Qc6 26.f6 g6 27.Rh4 Rd8 28.
Qe2 Rd5 29.Re4 Qd6 30.c4 Rd4 31.Rxe5 Rxc4 32.Qxc4 Qxe5 33.Qc6 Qb8 34.Rd1 
Bf2 35.Bh6 Qe8 36.Qf3 Bc5 37.h4 Rd8 38.Rf1 Qe5 39.b3 Bd6 40.Qh3 Qe2 41.Rc1
Be5 42.Qf3 Qxf3 43.gxf3 Bxf6 44.h5 Bg7 45.Bf4 h6 46.hxg6 fxg6 47.Rc5 Rf8 
48.Bd6 Rxf3 49.Rc8+ Kf7 50.Rc7+ Ke6 51.Rxg7 Kxd6 52.Rxg6+ Kc5 53.Rxh6 Rxb3
54.Kg1 Rf3 55.Ra6 Kb4 56.Ra8 a4 57.Rb8+ Kc4 58.Kg2 Rf5 59.Rc8+ Kb4 60.Rb8+
Rb5 61.Rh8 a3 0-1

[Event "3rd Asia-ch"]
[Site "Kolkata IND"]
[Date "2001.08.13"]
[Round "5"]
[White "Liang Chong"]
[Black "Hossain, Enamul"]
[Result "1-0"]
[WhiteElo "2556"]
[BlackElo "2353"]
[EventDate "2001.08.09"]
[PlyCount "71"]

1.Nf3 Nf6 2.c4 g6 3.Nc3 Bg7 4.e4 d6 5.d4 O-O 6.Be2 e5 7.d5 a5 8.Bg5 h6 9.
Bh4 Na6 10.Nd2 Qe8 11.O-O Nh7 12.a3 Bd7 13.b3 Bf6 14.Bg3 Qe7 15.Rb1 Nc5 
16.Qc2 h5 17.f3 Bh4 18.Bxh4 Qxh4 19.b4 axb4 20.axb4 Na6 21.c5 dxc5 22.Bxa6
Rxa6 23.bxc5 Qe7 24.Na2 b6 25.Nb4 Raa8 26.d6 cxd6 27.Nd5 Qg5 28.cxb6 Be6 
29.b7 Bxd5 30.exd5 Qe3+ 31.Kh1 Rab8 32.Ne4 Rfd8 33.Qc7 Qa3 34.Rfc1 Kg7 35.
Qe7 Nf8 36.Rc7 1-0

[Event "3rd Asia-ch"]
[Site "Kolkata IND"]
[Date "2001.08.13"]
[Round "5"]
[White "Magai, Vladimir"]
[Black "Lodhi, Mahmood"]
[Result "1-0"]
[WhiteElo "2537"]
[BlackElo "2410"]
[EventDate "2001.08.09"]
[PlyCount "141"]

1.d4 Nf6 2.c4 e6 3.Nf3 b6 4.a3 Bb7 5.Nc3 Be7 6.d5 O-O 7.e4 d6 8.Bd3 Nbd7 
9.O-O a5 10.Rb1 e5 11.b4 Nh5 12.Re1 Nf4 13.Bf1 axb4 14.axb4 g6 15.Be3 Nh5 
16.Nd2 Bg5 17.Nb3 Bxe3 18.Rxe3 Ng7 19.Ra1 f5 20.Rxa8 Qxa8 21.Nb5 Qa4 22.
Qe1 Nf6 23.Nc1 Ba6 24.Ra3 Bxb5 25.Rxa4 Bxa4 26.f3 fxe4 27.fxe4 Bc2 28.Bd3 
Bxd3 29.Nxd3 Ra8 30.c5 bxc5 31.bxc5 Ra4 32.cxd6 cxd6 33.Nb4 Nge8 34.h3 Nd7
35.Nc6 Nef6 36.Qb1 Rxe4 37.Qb7 Re1+ 38.Kh2 Rd1 39.Qc8+ Kf7 40.Qd8 g5 41.
Qe7+ Kg6 42.Qe6 h5 43.Ne7+ Kg7 44.Nf5+ Kg6 45.Nxd6 g4 46.h4 Rf1 47.Ne4 Rd1
48.d6 Rd4 49.Ng3 Rf4 50.Kg1 Rd4 51.Qf5+ Kf7 52.Nxh5 Rxd6 53.Ng3 Rd4 54.h5 
Nf8 55.Qxe5 Rd5 56.Qc7+ Rd7 57.Qc4+ Ne6 58.h6 Rd1+ 59.Kf2 Rd2+ 60.Kf1 Rd1+
61.Ke2 Rd5 62.Qa6 Nf4+ 63.Kf2 Ng6 64.Qb7+ Ne7 65.Qb4 Rd7 66.Qc4+ Kg6 67.h7
Kg7 68.Nh5+ Nxh5 69.Qxg4+ Ng6 70.Qxd7+ Kh6 71.Qf7 1-0

[Event "3rd Asia-ch"]
[Site "Kolkata IND"]
[Date "2001.08.13"]
[Round "5"]
[White "Moradiabadi, Elshan"]
[Black "Mishra, Neeraj Kumar"]
[Result "1-0"]
[WhiteElo "2404"]
[BlackElo "2293"]
[EventDate "2001.08.09"]
[PlyCount "141"]

1.d4 Nf6 2.Nf3 b6 3.Bg5 Bb7 4.Nbd2 c5 5.e3 e6 6.Bd3 Be7 7.O-O O-O 8.c3 d6 
9.e4 Nc6 10.a3 h6 11.Bh4 g5 12.Bg3 Nh5 13.d5 exd5 14.exd5 Nb8 15.c4 Ng7 
16.Qe2 f5 17.Rae1 Rf7 18.h3 Nd7 19.Nh2 Nf6 20.Bb1 Bc8 21.f3 Nfh5 22.Bf2 
Bf6 23.Qd3 Kf8 24.b4 Be5 25.bxc5 bxc5 26.Rxe5 dxe5 27.Bxc5+ Kg8 28.Re1 Qc7
29.Bb4 Nf4 30.Qe3 Bb7 31.Nhf1 a5 32.Bc3 Re8 33.Ba2 Ng6 34.c5 Qd8 35.d6 Ne6
36.Bxe5 f4 37.Qc3 Qa8 38.Ne4 Bd5 39.Nf6+ Rxf6 40.Bxd5 Qxd5 41.Bxf6 Kf7 42.
Rc1 Rc8 43.c6 Qxd6 44.Nd2 Ne7 45.Bxe7 Kxe7 46.Qc2 Kd8 47.Ne4 Qd4+ 48.Kh2 
Ke7 49.Qb3 Qe5 50.Qb7+ Rc7 51.Qb6 Qd5 52.a4 h5 53.Qb5 Qxb5 54.axb5 Nd4 55.
Nc3 Rc8 56.Ra1 Ra8 57.Ra4 Ne6 58.Ne4 Nd8 59.Nxg5 Kd6 60.Ne4+ Kc7 61.Nc3 
Ne6 62.Nd5+ Kd6 63.Nc3 Kc5 64.Re4 Re8 65.h4 Kb6 66.Kg1 Ng7 67.Rxf4 Re5 68.
Rf7 Ne8 69.Rb7+ Kc5 70.Ne4+ Kb4 71.b6 1-0

[Event "3rd Asia-ch"]
[Site "Kolkata IND"]
[Date "2001.08.13"]
[Round "5"]
[White "Nadera, Barlo"]
[Black "Djao Thien Hai"]
[Result "0-1"]
[WhiteElo "2421"]
[BlackElo "2572"]
[EventDate "2001.08.09"]
[PlyCount "130"]

1.d4 d5 2.Nf3 c6 3.g3 Bg4 4.Bg2 Nd7 5.O-O e6 6.h3 Bh5 7.b3 Bd6 8.c4 Ne7 9.
Nc3 f5 10.a4 O-O 11.Ba3 Bxa3 12.Rxa3 Nc8 13.c5 a5 14.Qd2 b6 15.cxb6 Qxb6 
16.Qe3 Re8 17.Rc1 Nd6 18.Nd1 Rac8 19.Ra2 Bxf3 20.Bxf3 c5 21.dxc5 Rxc5 22.
Rac2 Rxc2 23.Qxb6 Nxb6 24.Rxc2 Rc8 25.Rxc8+ Ndxc8 26.e3 Kf7 27.Kf1 Ke7 28.
Nc3 Na7 29.Ke1 Kd6 30.Kd2 Kc5 31.Bd1 e5 32.Ne2 Nc6 33.f4 Nd7 34.fxe5 Ndxe5
35.Kc3 g6 36.Nd4 Nb4 37.Be2 Nd7 38.Ne6+ Kd6 39.Ng5 Nf6 40.Bf3 Ke7 41.h4 h6
42.Nh3 Kd6 43.Nf4 g5 44.hxg5 hxg5 45.Ne2 Ke5 46.Kd2 Ne4+ 47.Kd1 Nc6 48.Bh5
d4 49.Be8 d3 50.Nc1 Nb4 51.Bb5 Nc3+ 52.Kd2 Nb1+ 53.Kd1 Ke4 54.Bd7 Kxe3 55.
Nxd3 Nxd3 56.Bxf5 Nd2 57.Kc2 Nb4+ 58.Kc3 Nd5+ 59.Kc2 Ne4 60.g4 Kd4 61.Be6 
Nb4+ 62.Kb2 Nc5 63.Bf7 Ncd3+ 64.Ka3 Kc3 65.Bg8 Ne1 0-1

[Event "3rd Asia-ch"]
[Site "Kolkata IND"]
[Date "2001.08.13"]
[Round "5"]
[White "Nguyen Anh Dung"]
[Black "Paragua, Mark"]
[Result "1-0"]
[WhiteElo "2533"]
[BlackElo "2444"]
[EventDate "2001.08.09"]
[PlyCount "133"]

1.d4 Nf6 2.c4 g6 3.Nc3 Bg7 4.e4 d6 5.f3 O-O 6.Be3 c5 7.Nge2 Nc6 8.Qd2 Qa5 
9.d5 Ne5 10.Nc1 a6 11.a4 Bd7 12.Ra3 e6 13.Be2 Qd8 14.O-O exd5 15.cxd5 Rb8 
16.a5 b5 17.axb6 Rxb6 18.h3 Bb5 19.Nxb5 axb5 20.b3 b4 21.Ra4 Ne8 22.Nd3 
Nxd3 23.Bxd3 Nc7 24.Kh1 Nb5 25.Bxb5 Rxb5 26.Bh6 Bxh6 27.Qxh6 Ra5 28.Rxa5 
Qxa5 29.f4 Qd8 30.Ra1 Qe7 31.f5 Qe5 32.Rf1 Qf6 33.g4 Ra8 34.g5 Qg7 35.
Qxg7+ Kxg7 36.f6+ Kf8 37.e5 dxe5 38.Rc1 Rc8 39.Kg2 Ke8 40.Kf3 Kd7 41.Ke4 
Kd6 42.Ra1 c4 43.Ra6+ Kc5 44.bxc4 b3 45.Ra1 b2 46.Rb1 Rb8 47.Kxe5 Re8+ 48.
Kf4 Re2 49.Kf3 Rh2 50.Ke3 Rxh3+ 51.Ke4 Rh2 52.Ke3 Rg2 53.Kd3 Rg3+ 54.Ke4 
Rg4+ 55.Ke3 Kxc4 56.d6 Rxg5 57.Rxb2 Re5+ 58.Kf4 Rf5+ 59.Ke4 Rxf6 60.Rc2+ 
Kb3 61.Rd2 Re6+ 62.Kd5 Kc3 63.Rd1 Kc2 64.Rd4 Re8 65.d7 Rd8 66.Kd6 g5 67.
Ke7 1-0

[Event "3rd Asia-ch"]
[Site "Kolkata IND"]
[Date "2001.08.13"]
[Round "5"]
[White "Peires, T. D. R."]
[Black "Konguvel, Ponnuswamy"]
[Result "0-1"]
[WhiteElo "2151"]
[BlackElo "2371"]
[EventDate "2001.08.09"]
[PlyCount "68"]

1.e4 c5 2.Nf3 Nc6 3.d4 cxd4 4.Nxd4 g6 5.Nxc6 bxc6 6.Qd4 Nf6 7.e5 Nd5 8.e6 
Nf6 9.exf7+ Kxf7 10.Bc4+ d5 11.Bb3 Bg7 12.Bf4 Ng4 13.Qc5 Qb6 14.Qxb6 axb6 
15.c3 e5 16.Bg3 h5 17.f3 h4 18.fxg4 hxg3 19.Rf1+ Ke7 20.h3 Ba6 21.Nd2 Bh6 
22.c4 Bxd2+ 23.Kxd2 dxc4 24.Rf3 cxb3 25.Rxb3 Rad8+ 26.Kc2 Rhf8 27.Rxg3 
Rf2+ 28.Kc3 Rdd2 29.Rb1 e4 30.Re3 Bd3 31.Rbe1 Rc2+ 32.Kd4 Kd6 33.Rg3 c5+ 
34.Ke3 Ke5 0-1